Sujetos, víctimas y territorios de la violencia en América Latina / (Record no. 145505)

MARC details
000 -CABECERA
campo de control de longitud fija 00791nam a2200217 u 4500
005 - FECHA Y HORA DE LA ÚLTIMA TRANSACCIÓN
campo de control 20220628115606.0
008 - ELEMENTOS DE LONGITUD FIJA--INFORMACIÓN GENERAL
campo de control de longitud fija 091022s2004 mx r 000 0 spa d
020 ## - NÚMERO INTERNACIONAL NORMALIZADO PARA LIBROS
Número Internacional Estándar del Libro 9685720266
035 ## - NÚMERO DE CONTROL DEL SISTEMA
Número de control de sistema UPN01000173401
049 ## - COLECCIÓN
Colección CG
050 #4 - SIGNATURA TOPOGRÁFICA DE LA BIBLIOTECA DEL CONGRESO
Número de clasificación HN110.5
Número de documento/Ítem S8.3
245 00 - MENCIÓN DE TÍTULO
Título Sujetos, víctimas y territorios de la violencia en América Latina /
Mención de responsabilidad, etc. Pablo Tasso ... [et al.] ; coord. Raquel Sosa Elízaga.
260 ## - PUBLICACIÓN, DISTRIBUCIÓN, ETC.
Lugar de publicación, distribución, etc. México :
Nombre del editor, distribuidor, etc. Universidad de la Ciudad de México,
Fecha de publicación, distribución, etc. 2004.
300 ## - DESCRIPCIÓN FÍSICA
Extensión 196 p. :
Otras características físicas gráfs., cuadros
440 #0 - MENCIÓN DE SERIE/ASIENTO SECUNDARIO--TÍTULO
Título Pensamiento propio
650 #4 - ASIENTO SECUNDARIO DE MATERIA - TERMINO TEMATICO
Término de materia o nombre geográfico como elemento de entrada VIOLENCIA POLITICA -
Subdivisión geográfica AMERICA LATINA
9 (RLIN) 14827
650 #2 - ASIENTO SECUNDARIO DE MATERIA - TERMINO TEMATICO
Término de materia o nombre geográfico como elemento de entrada Violencia
Subdivisión geográfica América Latina
Subdivisión general Aspectos sociales
9 (RLIN) 14824
700 1# - ASIENTO SECUNDARIO--NOMBRE DE PERSONAL
Nombre de persona Tasso, Pablo,
Término indicativo de función/relación coaut.
700 1# - ASIENTO SECUNDARIO--NOMBRE DE PERSONAL
Nombre de persona Sosa Elízaga, Raquel de la Luz,
Término indicativo de función/relación coord.
9 (RLIN) 30981
905 ## - TIPO DE MATERIAL
Tipo de material Libro
Holdings
Estado de retiro Estado de pérdida Fuente del sistema de clasificación o colocación Estado dañado No para préstamo Código de colección Localización permanente Ubicación/localización actual Ubicación en estantería Total de préstamos Clasificación Código de barras Fecha visto por última vez Número de copia Tipo de ítem Koha
    Library of Congress Classification     Colección General Bib. Gregorio Torres Quintero Bib. Gregorio Torres Quintero Planta baja   HN110.5 S8.3 267467 31/12/2020 1 Libro